000 00662nam a2200277Ia 4500
005 20260324125451.0
008 008 260324s9999 xx 000 0 eng d
020 _a9781351155281
037 _aEBOOK
040 _aCRL
040 _beng
040 _cCRL
041 _2eng
041 _aeng
084 _qCRL
100 _aThomas Tracy
_91178097
245 0 _aIrishness and Womanhood in Nineteenth-Century British Writing
260 _bTaylor and Francis
260 _c2009
365 _a
365 _b230
856 _uhttp://www.taylorfrancis.com/books/9781351155281
942 _cEBOOK
999 _c1773378
_d1773378